Place w Warszawie - Statystyki

Ogólne statystyki
  • Ten quiz został rozwiązany 62 razy
  • Średni wynik to 12 z 67
Statystyki odpowiedzi
Dzielnica Plac % Poprawnych
Żoliborz Thomasa Woodrow Wilsona
70%
Śródmieście Trzech Krzyży
68%
Ochota Gabriela Narutowicza
64%
Śródmieście Konstytucji
62%
Ochota Artura Zawiszy
60%
Śródmieście Bankowy
60%
Śródmieście Zbawiciela
57%
Ochota Sokratesa Starynkiewicza
53%
Śródmieście Zamkowy
53%
Śródmieście Marsz. Józefa Piłsudskiego
51%
Śródmieście Unii Lubelskiej
45%
Śródmieście Defilad
43%
Śródmieście Politechniki
40%
Żoliborz Grunwaldzki
38%
Praga Północ Gen. Józefa Hallera
36%
Śródmieście Na Rozdrożu
36%
Praga Południe Piotra Szembeka
36%
Żoliborz Inwalidów
34%
Śródmieście Powstańców Warszawy
32%
Śródmieście Grzybowski
30%
Praga Północ Wileński
30%
Śródmieście Teatralny
23%
Żoliborz Czesława Niemena
19%
Praga Południe Przymierza
17%
Wola Europejski
15%
Bemowo Kasztelański
15%
Wola Pole Elekcyjne
15%
Bielany Konfederacji
13%
Śródmieście Stanisława Małachowskiego
13%
Włochy Wolności
11%
Śródmieście Bohaterów Getta Warszawskiego
9%
Śródmieście Mirowski
9%
Żoliborz Słoneczny
9%
Śródmieście Żelaznej Bramy
9%
Śródmieście Krasińskich
6%
Wesoła Wojska Polskiego
6%
Mokotów Bernardyński
4%
Ursus Czerwca 1976 Roku
4%
Żoliborz Joachima Lelewela
4%
Praga Północ Konesera
4%
Targówek Ostrej Bramy
4%
Targówek Ratuszowy
4%
Mokotów Służewski
4%
Praga Północ Weteranów 1863 Roku
4%
Ursus 1905 Roku
2%
Białołęka Bociani Zakątek
2%
Żoliborz Dionizego Henkla
2%
Ursynów Ferenca Keresztesa-Fischera
2%
Żoliborz Gwardii
2%
Żoliborz Jacka Kuronia
2%
Śródmieście Jana Henryka Dąbrowskiego
2%
Mokotów Klonowego Liścia
2%
Białołęka Światowida
2%
Targówek Tulipanów
2%
Śródmieście Zofii Wóycickiej
2%
Praga Południe 1831 Roku
0%
Mokotów Aleksandra Rembowskiego
0%
Śródmieście Emila Młynarskiego
0%
Ursynów Farmacji
0%
Mokotów Ireneusza Gugulskiego
0%
Mokotów Jaśminowy Zakątek
0%
Śródmieście Juliusza Osterwy
0%
Wola Opolski
0%
Praga Południe Tadeusza Kotarbińskiego
0%
Targówek Trynopolski
0%
Śródmieście Wielopole
0%
Śródmieście Władysława Szczepaniaka
0%
Nie znaleziono quizów pasujących do podanych kryteriów
Rozkład punktacji
Procent ludzi z każdym wynikiem
Percentyl według liczby udzielonych odpowiedzi
Twoja historia wyników
Nie rozwiązałeś tego quizu